000 00482nam a2200181Ia 4500
005 20250326123805.0
008 250326s9999 xx 000 0 und d
037 _aTextbook
040 _aFMSL
_beng
_cFMSL
041 _aeng
_2eng
084 _aS:6 K7
_qFMSL
100 _aHeckhausen H
_986844
245 0 _aAnatomy of achievement motivation
_cHeckhausen H
260 _aNY
_bNY, Academic
_c1967
300 _a215p
942 _cTB
_hS:6 K7
999 _c1270971
_d1270971